|
|
|
|
| LEADER |
00000nam0a2200000 4500 |
| 001 |
171519 |
| 005 |
20231031164014.0 |
| 035 |
|
|
|a (RuTPU)RU\TPU\book\185977
|
| 090 |
|
|
|a 171519
|
| 100 |
|
|
|a 20091205d1960 k y0rusy50 ca
|
| 101 |
0 |
|
|a rus
|
| 102 |
|
|
|a RU
|
| 105 |
|
|
|a a z 001zy
|
| 200 |
1 |
|
|a Геологическое строение и нефтегазоносность Северного Предкавказья
|e материалы выездной сессии ученых советов ВНИГНИ, ВНИИГаза и научно-технической секции Ставропольского совнархоза, 30 июня - 3 июля 1959 г., г. Ставрополье
|f Всесоюзный научно-исследовательский геологоразведочный нефтяной институт (ВНИГНИ) ; под ред. М. С. Бурштара
|
| 210 |
|
|
|a Москва
|c Гостоптехиздат
|d 1960
|
| 215 |
|
|
|a 339 с.
|c ил.
|
| 225 |
1 |
|
|a Труды Всесоюзного научно-исследовательского геологоразведочного нефтяного института (ВНИГНИ)
|v Вып. 32
|
| 320 |
|
|
|a Библиогр. в конце докл.
|
| 610 |
1 |
|
|a геология
|
| 610 |
1 |
|
|a Предкавказье
|
| 610 |
1 |
|
|a нефтеносные районы
|
| 610 |
1 |
|
|a газоносные районы
|
| 675 |
|
|
|a 55
|v 3
|
| 702 |
|
1 |
|a Бурштар
|b М. С.
|4 340
|
| 712 |
0 |
2 |
|a Всесоюзный научно-исследовательский геологоразведочный нефтяной институт (ВНИГНИ)
|2 stltpush
|3 (RuTPU)RU\TPU\col\18350
|
| 801 |
|
1 |
|a RU
|b 63413507
|c 20091205
|
| 801 |
|
2 |
|a RU
|b 63413507
|c 20141120
|g RCR
|
| 942 |
|
|
|c BK
|